[Event "Rio de Janeiro schev"]
[Site "Rio de Janeiro"]
[Date "1991.09.??"]
[Round "8"]
[White "Kramnik, Vladimir"]
[Black "Toth, Peter"]
[Result "1-0"]
[WhiteElo "2480"]
[BlackElo "2240"]
[PlyCount "41"]
[EventDate "1991.??.??"]
[EventType "schev"]
[EventRounds "12"]
[EventCountry "BRA"]
[SourceTitle "EXT 2003"]
[Source "ChessBase"]
[SourceDate "2002.11.25"]
[SourceVersion "1"]
[SourceVersionDate "2002.11.25"]
[SourceQuality "1"]

1. d4 Nf6 2. c4 e6 3. Nc3 Bb4 4. Qc2 c5 5. dxc5 Qa5 6. Bd2 Na6 7. a3 Bxc3 8.
Bxc3 Qxc5 9. e3 O-O 10. Nf3 h6 11. b4 Qe7 12. Be2 d6 13. Rd1 Rd8 14. g4 Nxg4
15. Rg1 e5 16. c5 dxc5 17. Rxd8+ Qxd8 18. Nxe5 Nf6 19. Bc4 Be6 20. Bxe6 fxe6
21. Rxg7+ 1-0

[Event "Rio de Janeiro schev"]
[Site "Rio de Janeiro"]
[Date "1991.09.??"]
[Round "9"]
[White "Teixeira, Ricardo da Silva"]
[Black "Kramnik, Vladimir"]
[Result "0-1"]
[WhiteElo "2370"]
[BlackElo "2480"]
[PlyCount "64"]
[EventDate "1991.??.??"]
[EventType "schev"]
[EventRounds "12"]
[EventCountry "BRA"]
[SourceTitle "EXT 2003"]
[Source "ChessBase"]
[SourceDate "2002.11.25"]
[SourceVersion "1"]
[SourceVersionDate "2002.11.25"]
[SourceQuality "1"]

1. Nf3 d5 2. d4 c6 3. c4 e6 4. Nc3 dxc4 5. e4 b5 6. a4 Bb4 7. Be2 Nf6 8. Qc2 a6
9. O-O Bb7 10. Rd1 h6 11. d5 cxd5 12. axb5 O-O 13. exd5 Nxd5 14. Nxd5 Bxd5 15.
Be3 Qc8 16. bxa6 Rxa6 17. Rxa6 Qxa6 18. Ne5 Qb7 19. Bf1 Rc8 20. Nxc4 Nd7 21. b3
Bc5 22. Bxc5 Rxc5 23. Qc3 Qb8 24. Rb1 Nf6 25. h3 Ne4 26. Qe3 Qb4 27. Rd1 Nf6
28. Rd4 Qb8 29. Nd2 Rc1 30. b4 Qb5 31. Qa3 Rd1 32. Qd3 Qb7 0-1

[Event "Rio de Janeiro schev"]
[Site "Rio de Janeiro"]
[Date "1991.09.??"]
[Round "10"]
[White "Miranda, Marcio MC"]
[Black "Kramnik, Vladimir"]
[Result "0-1"]
[WhiteElo "2280"]
[BlackElo "2480"]
[PlyCount "64"]
[EventDate "1991.??.??"]
[EventType "schev"]
[EventRounds "12"]
[EventCountry "BRA"]
[SourceTitle "EXT 2003"]
[Source "ChessBase"]
[SourceDate "2002.11.25"]
[SourceVersion "1"]
[SourceVersionDate "2002.11.25"]
[SourceQuality "1"]

1. Nf3 d6 2. d4 g6 3. c4 f5 4. Nc3 Nf6 5. g3 Bg7 6. Bg2 O-O 7. O-O Na6 8. Qc2
c6 9. b3 Rb8 10. Bf4 Nh5 11. Rad1 Nxf4 12. gxf4 Bd7 13. e3 b5 14. cxb5 cxb5 15.
b4 Kh8 16. Qb3 e6 17. Rc1 Nc7 18. Rc2 Bf6 19. Rfc1 Rg8 20. Ng5 Bxg5 21. fxg5
Qxg5 22. Ne4 fxe4 23. Rxc7 Rg7 24. Rxa7 e5 25. h4 Qxh4 26. Rcc7 Rd8 27. dxe5
dxe5 28. Qc2 Rf7 29. a4 Qg5 30. Qxe4 Bc6 31. Rxf7 Bxe4 32. Rxh7+ Kg8 0-1

[Event "Rio de Janeiro schev"]
[Site "Rio de Janeiro"]
[Date "1991.09.??"]
[Round "11"]
[White "Kramnik, Vladimir"]
[Black "Miranda, Marcio MC"]
[Result "1-0"]
[WhiteElo "2480"]
[BlackElo "2280"]
[PlyCount "79"]
[EventDate "1991.??.??"]
[EventType "schev"]
[EventRounds "12"]
[EventCountry "BRA"]
[SourceTitle "EXT 2003"]
[Source "ChessBase"]
[SourceDate "2002.11.25"]
[SourceVersion "1"]
[SourceVersionDate "2002.11.25"]
[SourceQuality "1"]

1. d4 Nf6 2. c4 e6 3. Nc3 Bb4 4. Qc2 d5 5. a3 Bxc3+ 6. Qxc3 Ne4 7. Qc2 O-O 8.
Nf3 a5 9. e3 Nc6 10. Bd3 f5 11. b3 Bd7 12. Bb2 Qe7 13. Rc1 Kh8 14. Ne5 Nxe5 15.
dxe5 dxc4 16. Bxc4 Bc6 17. f3 Qh4+ 18. g3 Qh6 19. Rf1 Ng5 20. Qg2 Rfd8 21. h4
Nf7 22. Ke2 Rd7 23. Rfd1 Rad8 24. Qf2 Qg6 25. Rxd7 Rxd7 26. Bd3 h5 27. Bd4 Bd5
28. b4 Nd8 29. bxa5 Nc6 30. Bc3 Qe8 31. e4 fxe4 32. fxe4 Bb3 33. Rb1 Ba4 34.
Qe3 Qe7 35. Qg5 Qxa3 36. Bc4 Nd8 37. Bb4 Bd1+ 38. Rxd1 Qxb4 39. Rxd7 Qxc4+ 40.
Kf2 1-0

[Event "Sao Paulo op"]
[Site "Sao Paulo"]
[Date "1991.??.??"]
[Round "5"]
[White "Menna Barreto, Luiz Ney"]
[Black "Kramnik, Vladimir"]
[Result "1/2-1/2"]
[WhiteElo "2280"]
[BlackElo "2480"]
[PlyCount "78"]
[EventDate "1991.??.??"]
[EventType "swiss"]
[EventRounds "11"]
[EventCountry "BRA"]
[SourceTitle "EXT 1997"]
[Source "ChessBase"]
[SourceDate "1996.11.15"]
[SourceVersion "1"]
[SourceVersionDate "1996.11.15"]
[SourceQuality "1"]

1. Nf3 d5 2. d4 c6 3. g3 Bg4 4. Bg2 Nd7 5. Nbd2 Ngf6 6. c4 e6 7. O-O Bd6 8. b3
O-O 9. Bb2 a5 10. a3 Qb8 11. Qc2 Bf5 12. Qc3 Ne4 13. Nxe4 Bxe4 14. Ne5 Bxe5 15.
Bxe4 Bf6 16. Bg2 a4 17. Rab1 axb3 18. Qxb3 Qa7 19. e4 dxc4 20. Qxc4 Rfd8 21.
Rfd1 Rac8 22. Qb4 Re8 23. d5 exd5 24. exd5 Re2 25. Rf1 Bxb2 26. Rxb2 Rxb2 27.
Qxb2 cxd5 28. Bxd5 b6 29. Rb1 Nf6 30. Bf3 h6 31. Kg2 Qa5 32. Qb4 Qxb4 33. Rxb4
Rc3 34. a4 Nd7 35. Bg4 Ne5 36. Be2 Rc2 37. Kf1 Rc1+ 38. Kg2 Rc2 39. Kf1 Rc1+
1/2-1/2

[Event "URS-ch U26"]
[Site "Kherson"]
[Date "1991.??.??"]
[Round "5"]
[White "Komarov, Dimitri"]
[Black "Kramnik, Vladimir"]
[Result "1-0"]
[WhiteElo "2475"]
[BlackElo "2480"]
[PlyCount "117"]
[EventDate "1991.??.??"]
[EventType "tourn"]
[EventRounds "13"]
[EventCountry "URS"]
[EventCategory "9"]
[SourceTitle "CBM 021 Extra"]
[Source "ChessBase"]
[SourceDate "1991.05.01"]
[SourceVersion "1"]
[SourceVersionDate "1991.05.01"]
[SourceQuality "1"]

1. d4 d5 2. Nf3 Nf6 3. c4 c6 4. Nc3 e6 5. Bg5 h6 6. Bxf6 Qxf6 7. g3 Nd7 8. Bg2
Qd8 9. O-O Be7 10. e4 dxe4 11. Nxe4 O-O 12. c5 b6 13. Qc2 Qc7 14. Rac1 Bb7 15.
Rfe1 Rad8 16. b4 Nf6 17. Nxf6+ Bxf6 18. Qc3 Rd7 19. Ne5 Bxe5 20. dxe5 Rfd8 21.
Qa3 b5 22. Qf3 a5 23. a3 Rd3 24. Re3 R3d4 25. Rb1 R8d7 26. h4 Qd8 27. Bf1 R7d5
28. Rbb3 Qc7 29. Qh5 Qd8 30. Bg2 Rd1+ 31. Kh2 Rd7 32. Re4 R1d4 33. Rbe3 Rxe4
34. Rxe4 axb4 35. axb4 Rd4 36. Qg4 Rxe4 37. Qxe4 Qd2 38. f4 g6 39. h5 Kg7 40.
hxg6 fxg6 41. Qf3 h5 42. Qa3 Qd7 43. Qa7 Qc7 44. Qa2 Qd7 45. Kh3 Kh6 46. Be4
Qd4 47. Qb1 Qf2 48. Bxg6 Qe2 49. Be4 Qg4+ 50. Kh2 h4 51. Qd3 Qxg3+ 52. Qxg3
hxg3+ 53. Kxg3 Kg7 54. Kg4 Kf7 55. Kg5 Ke7 56. Kg6 Ba8 57. Bf3 Bb7 58. Bg2 Ba8
59. Bh3 1-0

[Event "URS-ch U26"]
[Site "Kherson"]
[Date "1991.??.??"]
[Round "13"]
[White "Aleksandrov, Aleksej"]
[Black "Kramnik, Vladimir"]
[Result "1/2-1/2"]
[WhiteElo "2370"]
[BlackElo "2480"]
[PlyCount "36"]
[EventDate "1991.??.??"]
[EventType "tourn"]
[EventRounds "13"]
[EventCountry "URS"]
[EventCategory "9"]
[SourceTitle "CBM 021 Extra"]
[Source "ChessBase"]
[SourceDate "1991.05.01"]
[SourceVersion "1"]
[SourceVersionDate "1991.05.01"]
[SourceQuality "1"]

1. d4 d5 2. c4 c6 3. Nc3 Nf6 4. e3 e6 5. Nf3 Nbd7 6. Bd3 dxc4 7. Bxc4 b5 8. Be2
Bb7 9. O-O Be7 10. a3 a5 11. e4 b4 12. axb4 axb4 13. Rxa8 Bxa8 14. e5 bxc3 15.
exf6 Nxf6 16. bxc3 O-O 17. Ne5 c5 18. Ba3 Nd5 1/2-1/2

[Event "Wch U18"]
[Site "Guarapuava"]
[Date "1991.??.??"]
[Round "?"]
[White "Kramnik, Vladimir"]
[Black "Aleksandrov, Aleksej"]
[Result "1/2-1/2"]
[WhiteElo "2480"]
[BlackElo "2370"]
[PlyCount "23"]
[EventDate "1991.08.??"]
[EventType "swiss"]
[EventRounds "11"]
[EventCountry "BRA"]
[SourceTitle "EXT 1999"]
[Source "ChessBase"]
[SourceDate "1998.11.16"]
[SourceVersion "1"]
[SourceVersionDate "1998.11.16"]
[SourceQuality "1"]

1. c4 e6 2. Nc3 d5 3. d4 Bb4 4. Nf3 Nf6 5. cxd5 exd5 6. Qa4+ Nc6 7. Bg5 h6 8.
Bxf6 Qxf6 9. e3 O-O 10. Be2 Be6 11. O-O a6 12. Rac1 1/2-1/2

[Event "Wch U18"]
[Site "Guarapuava"]
[Date "1991.??.??"]
[Round "?"]
[White "Kramnik, Vladimir"]
[Black "Jakubiec, Artur"]
[Result "1/2-1/2"]
[WhiteElo "2480"]
[BlackElo "2300"]
[PlyCount "127"]
[EventDate "1991.08.??"]
[EventType "swiss"]
[EventRounds "11"]
[EventCountry "BRA"]
[SourceTitle "EXT 1999"]
[Source "ChessBase"]
[SourceDate "1998.11.16"]
[SourceVersion "1"]
[SourceVersionDate "1998.11.16"]
[SourceQuality "1"]

1. c4 Nf6 2. Nc3 d6 3. d4 e5 4. Nf3 Nc6 5. d5 Ne7 6. e4 Ng6 7. g3 Be7 8. h4 Bg4
9. Be2 h5 10. Ng5 a6 11. Be3 Bd7 12. f3 O-O 13. Qd2 Qb8 14. a3 c5 15. b4 b5 16.
bxc5 dxc5 17. cxb5 axb5 18. Bxb5 Bxb5 19. Rb1 Rxa3 20. Nxb5 Ra4 21. d6 Bd8 22.
O-O Rb4 23. Rxb4 cxb4 24. Qxb4 Bb6 25. Bxb6 Qxb6+ 26. Kg2 Rb8 27. Qc4 Rb7 28.
Rb1 Qa6 29. Rb4 Nf8 30. Nc3 Qxc4 31. Rxc4 Rd7 32. Rc7 Rxd6 33. Nxf7 Rd2+ 34.
Kf1 Ne6 35. Re7 Nd4 36. Nxe5 Rc2 37. Nd5 Ne2 38. Nxf6+ gxf6 39. Nd7 Nxg3+ 40.
Ke1 Re2+ 41. Kd1 Rf2 42. Nxf6+ Kf8 43. Re5 Rxf3 44. Nxh5 Nxh5 45. Rxh5 Re3 46.
Rf5+ Ke7 47. Rf4 Ke6 48. Kd2 Rh3 49. Ke2 Ke5 50. Rg4 Ra3 51. Kf2 Ra2+ 52. Kg3
Ra3+ 53. Kg2 Ra2+ 54. Kh3 Ra1 55. Rg2 Kf4 56. h5 Rh1+ 57. Rh2 Rg1 58. Rf2+ Kxe4
59. Kh4 Ke5 60. h6 Ke6 61. Kh5 Rh1+ 62. Kg6 Rg1+ 63. Kh7 Ke7 64. Kh8 1/2-1/2

[Event "Wch U18"]
[Site "Guarapuava"]
[Date "1991.??.??"]
[Round "?"]
[White "Kramnik, Vladimir"]
[Black "Webster, Andrew"]
[Result "1-0"]
[WhiteElo "2480"]
[BlackElo "2330"]
[PlyCount "65"]
[EventDate "1991.08.??"]
[EventType "swiss"]
[EventRounds "11"]
[EventCountry "BRA"]
[SourceTitle "EXT 2003"]
[Source "ChessBase"]
[SourceDate "2002.11.25"]
[SourceVersion "1"]
[SourceVersionDate "2002.11.25"]
[SourceQuality "1"]

1. d4 Nf6 2. c4 g6 3. Nc3 Bg7 4. e4 d6 5. f3 O-O 6. Be3 e5 7. Nge2 Nbd7 8. Qd2
c6 9. O-O-O a6 10. Kb1 b5 11. Nc1 Bb7 12. dxe5 dxe5 13. Nb3 Qc7 14. Qd6 Rfc8
15. Qxc7 Rxc7 16. a3 Bf8 17. Be2 Nh5 18. g3 Ng7 19. Rd2 Re8 20. cxb5 cxb5 21.
Na5 Ba8 22. Bxb5 axb5 23. Nxb5 Rc5 24. Bxc5 Nxc5 25. Nc7 Nxe4 26. Rc2 Ng5 27.
Nxe8 Nxe8 28. Nc6 Nxf3 29. Nxe5 Nd2+ 30. Rxd2 Bxh1 31. Rd8 Nf6 32. a4 Kg7 33.
a5 1-0

[Event "Wch U18"]
[Site "Guarapuava"]
[Date "1991.??.??"]
[Round "?"]
[White "Kramnik, Vladimir"]
[Black "Zoler, Dan"]
[Result "1-0"]
[WhiteElo "2480"]
[BlackElo "2325"]
[PlyCount "85"]
[EventDate "1991.08.??"]
[EventType "swiss"]
[EventRounds "11"]
[EventCountry "BRA"]
[SourceTitle "EXT 2003"]
[Source "ChessBase"]
[SourceDate "2002.11.25"]
[SourceVersion "1"]
[SourceVersionDate "2002.11.25"]
[SourceQuality "1"]

1. c4 Nf6 2. Nc3 e5 3. Nf3 Nc6 4. g3 g6 5. d4 exd4 6. Nxd4 Bg7 7. Bg2 O-O 8.
O-O Re8 9. Nc2 Rb8 10. Nd5 h6 11. Nce3 d6 12. Nxf6+ Qxf6 13. Nd5 Qd8 14. Be3 a6
15. Qd2 Kh7 16. Rac1 Ne7 17. h4 Nf5 18. Bf4 c6 19. Nc3 Be6 20. Ne4 Qb6 21. Nxd6
Nxd6 22. Bxd6 Rbd8 23. c5 Qb5 24. b3 Rd7 25. e4 a5 26. f4 Bg4 27. Rfe1 Ra8 28.
e5 Qa6 29. Bf1 Qa7 30. Bd3 b6 31. cxb6 Qxb6+ 32. Qf2 Qb7 33. Be4 Rc8 34. Qc5
Qa6 35. Rc4 Rb7 36. Qf2 Rb5 37. f5 Bh5 38. Bc2 Qb7 39. g4 Re8 40. gxh5 Qd7 41.
fxg6+ fxg6 42. Bxg6+ Kh8 43. Bxe8 1-0

[Event "Wch U18"]
[Site "Guarapuava"]
[Date "1991.??.??"]
[Round "?"]
[White "Langier, Daniel"]
[Black "Kramnik, Vladimir"]
[Result "0-1"]
[WhiteElo "2240"]
[BlackElo "2480"]
[PlyCount "42"]
[EventDate "1991.08.??"]
[EventType "swiss"]
[EventRounds "11"]
[EventCountry "BRA"]
[SourceTitle "EXT 2003"]
[Source "ChessBase"]
[SourceDate "2002.11.25"]
[SourceVersion "1"]
[SourceVersionDate "2002.11.25"]
[SourceQuality "1"]

1. e4 c5 2. Nf3 Nc6 3. d4 cxd4 4. Nxd4 Nf6 5. Nc3 e5 6. Ndb5 d6 7. a4 a6 8. Na3
Be7 9. Bg5 Nxe4 10. Nxe4 Bxg5 11. Nxd6+ Ke7 12. Nac4 Be6 13. Qf3 Nd4 14. Qxb7+
Qd7 15. Qxd7+ Kxd7 16. Bd3 Be7 17. Be4 Bxd6 18. Nxd6 Kxd6 19. Rd1 Rae8 20. c3
Bb3 21. Rd2 Kc5 0-1

[Event "Wch U18"]
[Site "Guarapuava"]
[Date "1991.??.??"]
[Round "?"]
[White "Maiwald, Jens Uwe"]
[Black "Kramnik, Vladimir"]
[Result "1/2-1/2"]
[WhiteElo "2295"]
[BlackElo "2490"]
[PlyCount "56"]
[EventDate "1991.08.??"]
[EventType "swiss"]
[EventRounds "11"]
[EventCountry "BRA"]
[SourceTitle "EXT 2003"]
[Source "ChessBase"]
[SourceDate "2002.11.25"]
[SourceVersion "1"]
[SourceVersionDate "2002.11.25"]
[SourceQuality "1"]

1. d4 d5 2. Nf3 Nf6 3. c4 c6 4. Nc3 e6 5. e3 Nbd7 6. Qc2 Bd6 7. Be2 O-O 8. O-O
Re8 9. Rd1 Qe7 10. e4 Nxe4 11. Nxe4 dxe4 12. Qxe4 e5 13. Bg5 f6 14. Bh4 exd4
15. Qxd4 Bc5 16. Qc3 Nf8 17. a3 a5 18. Re1 Qc7 19. Rad1 Qb6 20. h3 a4 21. Bd3
Be6 22. Qc2 Bf7 23. Bg3 Rxe1+ 24. Rxe1 Rd8 25. Nd2 Bg6 26. Bxg6 Nxg6 27. Re2
Bd4 28. Nf3 Qb3 1/2-1/2

[Event "Wch U18"]
[Site "Guarapuava"]
[Date "1991.??.??"]
[Round "?"]
[White "Rodriguez Vila, Andres"]
[Black "Kramnik, Vladimir"]
[Result "0-1"]
[WhiteElo "2350"]
[BlackElo "2480"]
[PlyCount "74"]
[EventDate "1991.08.??"]
[EventType "swiss"]
[EventRounds "11"]
[EventCountry "BRA"]
[SourceTitle "EXT 2003"]
[Source "ChessBase"]
[SourceDate "2002.11.25"]
[SourceVersion "1"]
[SourceVersionDate "2002.11.25"]
[SourceQuality "1"]

1. e4 c5 2. Nf3 Nc6 3. d4 cxd4 4. Nxd4 Nf6 5. Nc3 e5 6. Ndb5 d6 7. Nd5 Nxd5 8.
exd5 Ne7 9. c3 Nf5 10. a4 Be7 11. Bd3 O-O 12. O-O Nh4 13. f4 a6 14. Na3 exf4
15. Bxf4 Ng6 16. Bg3 Bh4 17. Bxh4 Nxh4 18. Nc4 a5 19. Qd2 b6 20. Rf4 Ng6 21.
Bxg6 hxg6 22. Qe3 g5 23. Rd4 Ba6 24. Qg3 Bxc4 25. Rxc4 Re8 26. Re1 Rxe1+ 27.
Qxe1 b5 28. Rc6 bxa4 29. h3 Rb8 30. Qe2 Qf6 31. Qe4 g6 32. Ra6 a3 33. bxa3 Qxc3
34. Kh2 Rb3 35. Ra7 Qg3+ 36. Kg1 Re3 37. Ra8+ Kh7 0-1

[Event "WchT U26 08th"]
[Site "Maringa"]
[Date "1991.09.03"]
[Round "3"]
[White "Kramnik, Vladimir"]
[Black "Gurevich, Ilya"]
[Result "1-0"]
[WhiteElo "2490"]
[BlackElo "2495"]
[PlyCount "75"]
[EventDate "1991.09.01"]
[EventType "team-swiss"]
[EventRounds "9"]
[EventCountry "BRA"]
[SourceTitle "EXT 2020"]
[Source "ChessBase"]
[SourceDate "2019.10.17"]
[SourceVersion "1"]
[SourceVersionDate "2019.10.17"]
[SourceQuality "1"]
[WhiteTeam "Soviet Union"]
[BlackTeam "US of America"]
[WhiteTeamCountry "URS"]
[BlackTeamCountry "USA"]

1. c4 c5 2. Nf3 b6 3. Nc3 Bb7 4. e4 d6 5. d4 cxd4 6. Nxd4 Nf6 7. Qe2 g6 8. g3
Bg7 9. Bg2 O-O 10. O-O Nbd7 11. Rd1 Qb8 12. b3 a6 13. Ba3 Re8 14. Rac1 Qa7 15.
Bb2 Rac8 16. Nc2 b5 17. Ne3 Nc5 18. cxb5 axb5 19. e5 dxe5 20. Bxb7 Nxb7 21.
Qxb5 Nd6 22. Qe2 h5 23. a4 Qb7 24. Nb5 Nfe4 25. Rxc8 Rxc8 26. Nd5 Rc5 27. Qd3
e6 28. Nxd6 Nxd6 29. Ne3 Nf5 30. Nxf5 gxf5 31. Qe2 Bf6 32. Qxh5 Rd5 33. Rc1 Rd3
34. b4 Kg7 35. b5 Rd2 36. Bxe5 Qd5 37. Qg5+ Kf8 38. Bxf6 1-0

[Event "WchT U26 08th"]
[Site "Maringa"]
[Date "1991.09.05"]
[Round "5"]
[White "Russek Libni, Guil"]
[Black "Kramnik, Vladimir"]
[Result "0-1"]
[WhiteElo "2385"]
[BlackElo "2490"]
[PlyCount "130"]
[EventDate "1991.09.01"]
[EventType "team-swiss"]
[EventRounds "9"]
[EventCountry "BRA"]
[SourceTitle "EXT 2020"]
[Source "ChessBase"]
[SourceDate "2019.10.17"]
[SourceVersion "1"]
[SourceVersionDate "2019.10.17"]
[SourceQuality "1"]
[WhiteTeam "Mexico"]
[BlackTeam "Soviet Union"]
[WhiteTeamCountry "MEX"]
[BlackTeamCountry "URS"]

1. e4 c5 2. c3 e6 3. d4 d5 4. exd5 exd5 5. Nf3 Nc6 6. Bb5 Bd6 7. dxc5 Bxc5 8.
O-O Nge7 9. Nbd2 Bg4 10. Nb3 Bd6 11. Be2 O-O 12. Bg5 h6 13. Bh4 Re8 14. Nfd4
Bxe2 15. Nxe2 Qb6 16. Bxe7 Rxe7 17. Ned4 Rd8 18. Nf5 Re6 19. Qc2 Be5 20. Rad1
a5 21. g3 Bf6 22. Rfe1 a4 23. Nbd4 Nxd4 24. Nxd4 Re4 25. Nf5 Rxe1+ 26. Rxe1 Qb5
27. Rd1 Qc4 28. b3 axb3 29. axb3 Qc5 30. c4 b5 31. Ne3 dxc4 32. Rxd8+ Bxd8 33.
bxc4 Bg5 34. Nd1 Bf6 35. Ne3 Bd4 36. Nf5 bxc4 37. Qe4 Bf6 38. Ne3 c3 39. Qe8+
Kh7 40. Kg2 Bd4 41. Qe4+ g6 42. Nc2 Bf6 43. h4 Kg7 44. Kg1 h5 45. Kg2 Be5 46.
Kf1 Qb5+ 47. Kg2 f5 48. Qf3 Qc4 49. Qb7+ Qc7 50. Qf3 Bf6 51. Qd5 f4 52. Qf3
fxg3 53. fxg3 Qd7 54. Qe4 Qg4 55. Qe3 Kh7 56. Qa7+ Bg7 57. Qe7 Qf5 58. Qe2 Qd5+
59. Qf3 Qd2+ 60. Qf2 Bh6 61. Kg1 Kg8 62. Kf1 Qd3+ 63. Kg2 Bg7 64. Kh3 Be5 65.
Ne1 Qe4 0-1

[Event "WchT U26 08th"]
[Site "Maringa"]
[Date "1991.??.??"]
[Round "6"]
[White "Kramnik, Vladimir"]
[Black "Roselli Mailhe, Bernardo"]
[Result "1-0"]
[WhiteElo "2490"]
[BlackElo "2355"]
[Annotator "ChessBase"]
[PlyCount "69"]
[EventDate "1991.09.01"]
[EventType "team-swiss"]
[EventRounds "9"]
[EventCountry "BRA"]
[SourceTitle "EXT 2020"]
[Source "ChessBase"]
[SourceDate "2019.10.17"]
[SourceVersion "1"]
[SourceVersionDate "2019.10.17"]
[SourceQuality "1"]
[WhiteTeam "Soviet Union"]
[BlackTeam "Uruguay"]
[WhiteTeamCountry "URS"]
[BlackTeamCountry "URU"]

{53/206} 1. e4 c5 2. Nf3 d6 3. d4 cxd4 4. Nxd4 Nf6 5. Nc3 g6 6. Be3 Bg7 7. f3
O-O 8. Qd2 Nc6 9. O-O-O d5 10. Qe1 e5 (10... e6 {- 53/(206)}) 11. Nxc6 bxc6 12.
exd5 Nxd5 13. Bc4 Be6 14. Ne4 Qc7 {N} (14... h6 {- 47/262}) 15. Bc5 Rfd8 (15...
Rfb8 16. Bd6 Qb6 17. Bxb8 Rxb8 18. b3 h6 (18... Bf8 19. Bxd5 { []f6+-}) 19. g4
Kh8 20. g5 $1 $16 {(+)f6}) 16. Qh4 (16. g4) 16... h6 17. g4 $14 Rab8 18. g5 h5
19. Qf2 Qb7 (19... a5 20. a4 Qb7 21. b3 $16) 20. b3 (20. Bb3 $2 a5) 20... Qc7
$5 21. a4 Qa5 22. Bxa7 $1 (22. Qe1 $14) 22... Bf8 $1 (22... Rb4 $2 23. Qc5 $18)
23. Bxb8 (23. Bc5 Nc3 $1 $13) 23... Ba3+ 24. Kb1 Rxb8 (24... Nc3+ 25. Nxc3 Qxc3
26. Rxd8+ Kh7 27. Bxe5 Qxe5 28. Qd4 $18) 25. Bxd5 cxd5 26. Nf6+ Kf8 (26... Kg7
$6 27. Qe1) 27. Qe1 $1 Qxa4 (27... Qc7 28. Nxd5 Qc4 29. Qxe5 Rxb3+ 30. cxb3
Qxb3+ 31. Ka1 $18) 28. Qxe5 Rxb3+ 29. cxb3 Qxb3+ 30. Ka1 d4 (30... Qa4 31. Qb8+
Ke7 32. Nxd5+ Bxd5 33. Rhe1+ $18) 31. Nd7+ $1 Bxd7 (31... Kg8 32. Qb8+ $18) (
31... Ke7 32. Qf6+ Ke8 33. Qh8+ Ke7 34. Qf8+ Kxd7 35. Rxd4+ Kc6 36. Qa8+ Kc5
37. Qa7+ Kc6 38. Qa4+ $18) 32. Qh8+ Ke7 33. Qxd4 Kf8 (33... Bb2+ 34. Qxb2 Qa4+
35. Kb1 Bf5+ 36. Kc1 Qc4+ 37. Kd2 $18) 34. Qh8+ Ke7 35. Rhe1+ 1-0

[Event "URS-ch58"]
[Site "Moscow"]
[Date "1991.??.??"]
[Round "1"]
[White "Kramnik, Vladimir"]
[Black "Ulybin, Mikhail"]
[Result "1/2-1/2"]
[WhiteElo "2490"]
[BlackElo "2565"]
[Annotator "ChessBase"]
[PlyCount "56"]
[EventDate "1991.11.??"]
[EventType "swiss"]
[EventRounds "11"]
[EventCountry "URS"]
[SourceTitle "URS-ch"]
[Source "ChessBase"]
[SourceDate "1999.07.01"]
[SourceVersion "1"]
[SourceVersionDate "1999.07.01"]
[SourceQuality "1"]

1. e4 e6 2. d4 d5 3. Nd2 Nf6 4. e5 Nfd7 5. c3 c5 6. Bd3 Nc6 7. Ne2 cxd4 8. cxd4
f6 9. exf6 Nxf6 10. Nf3 Bd6 11. O-O O-O 12. Bf4 Bxf4 13. Nxf4 Ne4 14. Ne2 Rxf3
15. gxf3 Ng5 16. Kh1 e5 $1 17. dxe5 Nxf3 18. Bxh7+ Kh8 19. Ng1 Ncd4 $1 20. Nxf3
Bg4 21. Nxd4 $8 Bxd1 22. Raxd1 Kxh7 23. f4 (23. Rd3) 23... Qb6 24. f5 (24. Rd2
Qg6 25. f5 Qg4 26. Re1 Qf4 27. Rd3 Re8 28. e6 Kg8 $10 {Kveinis}) 24... Qxb2 $1
(24... Qh6 25. f6 gxf6 26. Nf5 Qh3 (26... Qh5 27. Rd4 $16) 27. Rf4 $16 {Kveinis
}) 25. Rd3 (25. f6 gxf6 26. Rd3 Rg8 $1 (26... fxe5 27. Rg1 $18) 27. Rh3+ Kg7 $8
28. Rg1+ $2 (28. Rg3+ $10) 28... Kf8 29. Ne6+ Kf7 30. Rh7+ Kxe6 31. Rxg8 Qb1+
$19 {Kveinis}) 25... Rc8 $8 26. f6 (26. Rh3+ $6 Kg8 27. f6 Qxd4 28. f7+ Kf8 29.
Rh8+ Ke7 30. f8=Q+ $15 {Kveinis}) 26... Rc1 27. Rh3+ Kg6 28. Rg3+ Kh5 (28...
Kh5 29. Rxc1 Qxc1+ 30. Rg1 Qe3 31. fxg7 Qe4+ 32. Rg2 Qe1+ $10) 1/2-1/2

[Event "Oakham YM"]
[Site "Oakham"]
[Date "1992.??.??"]
[Round "2"]
[White "Djurhuus, Rune"]
[Black "Kramnik, Vladimir"]
[Result "1/2-1/2"]
[WhiteElo "2420"]
[BlackElo "2590"]
[Annotator "Hertneck,G"]
[PlyCount "98"]
[EventDate "1992.03.??"]
[EventType "swiss"]
[EventRounds "9"]
[EventCountry "ENG"]
[SourceTitle "CBM 030"]
[Source "ChessBase"]
[SourceDate "1992.10.01"]
[SourceVersion "1"]
[SourceVersionDate "1992.10.01"]
[SourceQuality "1"]

1. d4 d5 2. c4 c6 3. cxd5 cxd5 4. Nc3 Nf6 5. Bf4 Nc6 6. e3 Bf5 7. Nf3 e6 8. Qb3
Bb4 9. Bb5 O-O 10. O-O Qe7 (10... Bxc3 11. Qxc3 Rc8 12. Rfc1 Qb6 13. Qc5 $1
Nxd4 14. Qxb6 Nxf3+ 15. gxf3 axb6 16. Bd6 $16 {Seirawan,Y-Yusupov,A, Indonesia
1983}) 11. Bxc6 bxc6 12. Na4 Nh5 13. a3 $1 Ba5 $146 (13... Nxf4 14. axb4 Nd3
15. Nc5 Nxc5 16. bxc5 {+/=/+/- Lautier,J-Khalifman,A, Wijk 1991, 51/383}) 14.
Bg3 Nxg3 15. hxg3 $14 {Khalifman} Rab8 16. Qd1 Rfc8 17. Rc1 Bg4 18. Qd3 f6 19.
e4 (19. Qa6 Bb6 $13) 19... Qd8 $5 (19... dxe4 20. Qxe4 Bf5 21. Qe2 Qd6 $13) 20.
b4 Bb6 21. Rfe1 Kh8 22. exd5 Qxd5 $13 23. Nxb6 axb6 24. Qe4 Bf5 25. Qe3 Rd8 26.
Rc3 Rd6 27. Rec1 h6 28. Rc4 Ra8 29. Qc3 Be4 30. Nd2 Bxg2 31. f3 Bh3 32. Ne4
Rdd8 33. Rxc6 Bf5 34. Nf2 Qxd4 35. g4 Bd3 36. Qxd4 Rxd4 37. R1c3 Bb5 38. Rxb6
Rc4 39. Ne4 Rxc3 40. Nxc3 Bd7 41. Ne4 Rxa3 42. Nc5 Ra7 43. Rd6 Bb5 44. Nxe6 Bc4
45. Nd4 Rb7 46. Nf5 Rxb4 47. Rd8+ Kh7 48. Rd7 Be6 49. Rxg7+ Kh8 1/2-1/2